02323cam a22003974i 4500003000900000005001700009008004100026035002000067040003300087100004000120245016000160264001000320300004000330336002100370337002500391338002300416502005900439504002400498520119600522526001001718526001001728526000901738526000901747526000901756526000901765526000901774526000901783526000901792526000801801526000801809526000801817526000801825526000801833650004801841700003601889PE-LiUPU20250731165405.0151005s2015 pe a grm 000 0 spa d a(Sirsi) a154780 aPE-LiUPUbspacPE-LiUPUerda1 aAdriano Rengifo, Cristian E.eautor1 aFuncionamiento familiar y adicción a internet en estudiantes de una institución educativa pública de Lima norte -2004 /cCristian E. Adriano Rengifo. 0c2015. a109 hojas : bilustraciones;c30 cm atext2rdacontent aunmediated2rdamedia avolume2rdacarrier aTesisb(Lic.) -- cUniversidad Peruana Unión,d2015. aIncluye referencias3 aLa presente investigación tiene como objetivo estudiar la relación entre las variables funcionamiento familiar y adicción a internet en los estudiantes de una institución educativa pública de Lima norte. El modelo del funcionamiento familiar sobre el cual se trabajó es el modelo circumplejo de sistemas maritales y familiares, propuesto y descrito por Olson et al. (1985). La escala utilizada para la medición del funcionamiento familiar fue el Family Adaptability and Cohesion Evaluation Scale (FACES III) que contiene dos dimensiones: cohesión y adaptabilidad. Para medir la adición a internet se utilizó el Internet Addiction Test, elaborado por Young (1996). La muestra estuvo conformada por 225 estudiantes. Se encontró que el funcionamiento familiar no se relaciona con la adición a internet. Sin embargo, se encontró relación significativa con la dimensión cohesión familiar (r= -.223,p<0.01). Por lo tanto, se concluye que cualquiera sea el nivel de funcionamiento familiar, es posible que el estudiante adquiera adición a internet; ya que también existen factores individuales y sociales que intervienen en el riesgo de la adición a internet. aSEG44 aSEG26 aP151 aP150 aP149 aP146 aP145 aP126 aP125 aP92 aP75 aP74 aP27 aP1504aEscolaresxRelaciones familiaresxInternet.1 aMamani Ferrúa, Luis E.eautor